The tomes of Delphi : (Record no. 180450)
[ view plain ]
| 000 -LEADER | |
|---|---|
| fixed length control field | 01208 a2200205 4500 |
| 003 - CONTROL NUMBER IDENTIFIER | |
| control field | Nust |
| 005 - DATE AND TIME OF LATEST TRANSACTION | |
| control field | 20220818103255.0 |
| 010 ## - LIBRARY OF CONGRESS CONTROL NUMBER | |
| LC control number | 2002004006 |
| 020 ## - INTERNATIONAL STANDARD BOOK NUMBER | |
| International Standard Book Number | 1556227493 (paperback) |
| 040 ## - CATALOGING SOURCE | |
| Transcribing agency | Nust |
| 082 00 - DEWEY DECIMAL CLASSIFICATION NUMBER | |
| Classification number | 005.265,AYR |
| 100 1# - MAIN ENTRY--PERSONAL NAME | |
| Personal name | Ayres, John. |
| 9 (RLIN) | 97932 |
| 245 14 - TITLE STATEMENT | |
| Title | The tomes of Delphi : |
| Remainder of title | Win32 Shell API, Windows 2000 edition / |
| Statement of responsibility, etc. | John Ayres. |
| 250 ## - EDITION STATEMENT | |
| Edition statement | Platinum ed. |
| 260 ## - PUBLICATION, DISTRIBUTION, ETC. | |
| Place of publication, distribution, etc. | Plano, Tex. : |
| Name of publisher, distributor, etc. | Wordware Pub., |
| Date of publication, distribution, etc. | c2002. |
| 300 ## - PHYSICAL DESCRIPTION | |
| Extent | xxv, 745 p. : |
| Other physical details | ill. ; |
| Dimensions | 24 cm. + |
| Accompanying material | 1 CD-ROM (4 3/4 in.) |
| 440 #0 - SERIES STATEMENT/ADDED ENTRY--TITLE | |
| Title | Wordware Delphi developer's library |
| 9 (RLIN) | 97933 |
| 505 ## - FORMATTED CONTENTS NOTE | |
| Formatted contents note | Introduction (Page-xxi), Delphi and the Windows API (Page-1), Window Movement Functions (Page-9), Window Information Functions (Page-39), File Input/Output Functions (Page-109), File Input Functions (Page-191), String and Atom Functions (Page-249), Clipboard Manipulation Functions (Page-313), System Information Functions (Page-339), Icon, Cursor, and Caret Functions (Page-437), help Functions (Page-481), Shell File Functions (Page-513), Shell Folder Functions (Page-587), Shell Extension Functions (Page-617), Specialized Shell Functions (Page-673). |
| 942 ## - ADDED ENTRY ELEMENTS (KOHA) | |
| Source of classification or shelving scheme | |
| Koha item type | Book |
| Call number prefix | 005.265,AYR |
| Withdrawn status | Lost status | Source of classification or shelving scheme | Damaged status | Not for loan | Permanent Location | Current Location | Shelving location | Date acquired | Full call number | Barcode | Date last seen | Price effective from | Koha item type | Public note |
|---|---|---|---|---|---|---|---|---|---|---|---|---|---|---|
| Military College of Signals (MCS) | Military College of Signals (MCS) | General Stacks | 12/12/2016 | 005.265,AYR | MCS31905 | 12/08/2016 | 12/12/2016 | Book | Almirah No.5, Shelf No.4 |
